[Event "DEM U10 2021"]
[Site "Willingen GER"]
[Date "2021.08.23"]
[Round "2"]
[White "Zhang, Yibo"]
[Black "Wartenberg, Alexander"]
[Result "1/2-1/2"]
[Termination "normal"]
[Board "9"]
[WhiteElo "1313"]
[BlackElo "1424"]
[WhiteClock "00:50:10"]
[BlackClock "00:43:41"]
[PlyCount "80"]
[WhiteFideId "16287657"]
[BlackFideId "16280768"]
[EventCountry "GER"]
[EventRounds "11"]
[EventType "swiss"]
[EventDate "2021.08.22"]

1. e4 {[%clk 01:15:56]} {[%emt 00:00:04]} e5 {[%clk 01:15:57]} {[%emt
00:00:04]} 2. Nf3 {[%clk 01:16:23]} {[%emt 00:00:03]} Nf6 {[%clk 01:16:24]}
{[%emt 00:00:03]} 3. d4 {[%clk 01:16:49]} {[%emt 00:00:04]} exd4 {[%clk
01:15:24]} {[%emt 00:01:29]} 4. e5 {[%clk 01:17:08]} {[%emt 00:00:12]} Nd5
{[%clk 01:10:52]} {[%emt 00:05:02]} 5. Qxd4 {[%clk 01:17:01]} {[%emt 00:00:37]}
Nb6 {[%clk 01:10:39]} {[%emt 00:00:42]} 6. c4 {[%clk 01:15:28]} {[%emt
00:02:03]} Nc6 {[%clk 01:10:51]} {[%emt 00:00:18]} 7. Qe4 {[%clk 01:15:51]}
{[%emt 00:00:08]} Be7 {[%clk 01:10:12]} {[%emt 00:01:09]} 8. Be3 {[%clk
01:12:43]} {[%emt 00:03:38]} Bb4+ {[%clk 01:08:42]} {[%emt 00:02:00]} 9. Nbd2
{[%clk 01:12:41]} {[%emt 00:00:32]} Qe7 {[%clk 01:07:47]} {[%emt 00:01:24]} 10.
a3 {[%clk 01:12:43]} {[%emt 00:00:29]} Bxd2+ {[%clk 01:07:56]} {[%emt
00:00:21]} 11. Bxd2 {[%clk 01:12:48]} {[%emt 00:00:25]} d6 {[%clk 01:07:14]}
{[%emt 00:01:11]} 12. c5 {[%clk 01:00:53]} {[%emt 00:12:26]} Nd7 {[%clk
01:04:46]} {[%emt 00:02:57]} 13. cxd6 {[%clk 00:58:42]} {[%emt 00:02:42]} cxd6
{[%clk 01:05:07]} {[%emt 00:00:09]} 14. Bb5 {[%clk 00:57:43]} {[%emt 00:01:29]}
Ncxe5 {[%clk 01:05:04]} {[%emt 00:00:33]} 15. O-O {[%clk 00:56:58]} {[%emt
00:01:15]} Nxf3+ {[%clk 01:04:25]} {[%emt 00:00:56]} 16. Qxf3 {[%clk 00:57:28]}
O-O {[%clk 01:01:14]} {[%emt 00:00:29]} 17. Rfe1 {[%clk 00:57:27]} {[%emt
00:03:56]} Qf6 {[%clk 00:58:26]} {[%emt 00:03:18]} 18. Qg3 {[%clk 00:57:41]}
{[%emt 00:00:15]} Qg6 {[%clk 00:54:18]} {[%emt 00:04:38]} 19. Qxg6 {[%clk
00:56:31]} {[%emt 00:01:40]} hxg6 {[%clk 00:54:14]} {[%emt 00:00:34]} 20. Bb4
{[%clk 00:56:49]} {[%emt 00:00:12]} Nc5 {[%clk 00:54:13]} {[%emt 00:00:32]} 21.
Rad1 {[%clk 00:56:54]} {[%emt 00:00:25]} a5 {[%clk 00:54:01]} {[%emt 00:00:42]}
22. Bc3 {[%clk 00:56:11]} {[%emt 00:01:12]} Rd8 {[%clk 00:53:07]} {[%emt
00:01:24]} 23. Be5 {[%clk 00:54:10]} {[%emt 00:02:31]} Bd7 {[%clk 00:47:37]}
{[%emt 00:06:01]} 24. Bxd6 {[%clk 00:53:08]} {[%emt 00:01:32]} Bxb5 {[%clk
00:46:49]} {[%emt 00:01:18]} 25. Bxc5 {[%clk 00:53:30]} {[%emt 00:00:08]} Rxd1
{[%clk 00:46:59]} {[%emt 00:00:20]} 26. Rxd1 {[%clk 00:53:53]} {[%emt
00:00:07]} Rc8 {[%clk 00:46:59]} {[%emt 00:00:30]} 27. Bd4 {[%clk 00:53:32]}
{[%emt 00:00:50]} Ba4 {[%clk 00:46:20]} {[%emt 00:01:10]} 28. Re1 {[%clk
00:53:34]} {[%emt 00:00:27]} Bc6 {[%clk 00:45:13]} {[%emt 00:01:38]} 29. f3
{[%clk 00:52:59]} {[%emt 00:01:05]} a4 {[%clk 00:45:02]} {[%emt 00:00:41]} 30.
Kf2 {[%clk 00:52:56]} {[%emt 00:00:33]} Rd8 {[%clk 00:45:13]} {[%emt 00:00:19]}
31. Bc3 {[%clk 00:52:56]} {[%emt 00:00:30]} Re8 {[%clk 00:43:57]} {[%emt
00:01:46]} 32. Rxe8+ {[%clk 00:53:02]} {[%emt 00:00:24]} Bxe8 {[%clk 00:44:22]}
{[%emt 00:00:05]} 33. Kg3 {[%clk 00:52:46]} {[%emt 00:00:46]} f6 {[%clk
00:44:26]} {[%emt 00:00:26]} 34. Kf4 {[%clk 00:52:11]} {[%emt 00:01:05]} Bc6
{[%clk 00:44:38]} {[%emt 00:00:18]} 35. g4 {[%clk 00:52:20]} {[%emt 00:00:20]}
Kf7 {[%clk 00:44:51]} {[%emt 00:00:18]} 36. h4 {[%clk 00:50:49]} {[%emt
00:02:00]} b5 {[%clk 00:44:16]} {[%emt 00:01:06]} 37. h5 {[%clk 00:50:07]}
{[%emt 00:01:12]} g5+ {[%clk 00:44:00]} {[%emt 00:00:45]} 38. Kg3 {[%clk
00:50:12]} {[%emt 00:00:25]} Bd7 {[%clk 00:43:19]} {[%emt 00:01:12]} 39. f4
{[%clk 00:49:55]} {[%emt 00:00:47]} gxf4+ {[%clk 00:43:24]} {[%emt 00:00:24]}
40. Kxf4 {[%clk 00:50:10]} {[%emt 00:00:15]} Be6 {[%clk 00:43:41]} {[%emt
00:00:14]} 1/2-1/2

[Event "DEM U10 2021"]
[Site "Willingen GER"]
[Date "2021.08.23"]
[Round "2"]
[White "Junge, Mattheo Gabriel"]
[Black "Bundan, Edward"]
[Result "0-1"]
[Termination "normal"]
[Board "10"]
[WhiteElo "1451"]
[BlackElo "1236"]
[WhiteClock "00:36:43"]
[BlackClock "00:33:29"]
[PlyCount "126"]
[WhiteFideId "34605908"]
[BlackFideId "34603042"]
[EventCountry "GER"]
[EventRounds "11"]
[EventType "swiss"]
[EventDate "2021.08.22"]

1. e4 {[%clk 01:15:57]} {[%emt 00:00:02]} c5 {[%clk 01:15:50]} {[%emt
00:00:10]} 2. Nc3 {[%clk 01:16:18]} {[%emt 00:00:09]} Nc6 {[%clk 01:15:55]}
{[%emt 00:00:25]} 3. Nge2 {[%clk 01:16:39]} {[%emt 00:00:09]} d6 {[%clk
01:15:16]} {[%emt 00:01:09]} 4. g3 {[%clk 01:16:55]} {[%emt 00:00:13]} Nf6
{[%clk 01:14:38]} {[%emt 00:01:08]} 5. Bg2 {[%clk 01:17:13]} {[%emt 00:00:13]}
g6 {[%clk 01:14:28]} {[%emt 00:00:41]} 6. O-O {[%clk 01:17:16]} {[%emt
00:00:26]} Bg7 {[%clk 01:14:15]} {[%emt 00:00:43]} 7. h3 {[%clk 01:17:18]}
{[%emt 00:00:28]} O-O {[%clk 01:13:54]} {[%emt 00:00:51]} 8. d3 {[%clk
01:17:02]} {[%emt 00:00:46]} Bd7 {[%clk 01:13:33]} {[%emt 00:00:51]} 9. Be3
{[%clk 01:17:07]} {[%emt 00:00:23]} a6 {[%clk 01:12:23]} {[%emt 00:01:43]} 10.
g4 {[%clk 01:17:26]} {[%emt 00:00:10]} Qc7 {[%clk 01:11:11]} {[%emt 00:01:42]}
11. Qd2 {[%clk 01:17:40]} {[%emt 00:00:16]} Rac8 {[%clk 01:09:11]} {[%emt
00:02:28]} 12. Bh6 {[%clk 01:17:59]} {[%emt 00:00:13]} b5 {[%clk 01:08:15]}
{[%emt 00:01:25]} 13. Ng3 {[%clk 01:18:12]} {[%emt 00:00:18]} Nd4 {[%clk
01:07:17]} {[%emt 00:01:27]} 14. Bxg7 {[%clk 01:17:54]} {[%emt 00:00:49]} Kxg7
{[%clk 01:07:30]} {[%emt 00:00:16]} 15. Nce2 {[%clk 01:16:53]} {[%emt
00:01:31]} Nxe2+ {[%clk 01:06:47]} {[%emt 00:01:14]} 16. Qxe2 {[%clk 01:16:44]}
{[%emt 00:00:39]} Rfd8 {[%clk 01:06:19]} {[%emt 00:00:57]} 17. f4 {[%clk
01:16:40]} {[%emt 00:00:34]} c4 {[%clk 01:04:23]} {[%emt 00:02:27]} 18. d4
{[%clk 01:16:09]} {[%emt 00:01:00]} c3 {[%clk 01:03:50]} {[%emt 00:01:04]} 19.
b3 {[%clk 01:16:04]} {[%emt 00:00:35]} Qb6 {[%clk 01:03:07]} {[%emt 00:01:12]}
20. Qd3 {[%clk 01:14:10]} {[%emt 00:02:23]} e5 {[%clk 01:02:51]} {[%emt
00:00:48]} 21. g5 {[%clk 01:10:24]} {[%emt 00:04:17]} Ne8 {[%clk 01:01:57]}
{[%emt 00:01:22]} 22. Ne2 {[%clk 01:07:52]} {[%emt 00:03:02]} b4 {[%clk
01:00:56]} {[%emt 00:01:31]} 23. fxe5 {[%clk 01:07:07]} {[%emt 00:01:15]} dxe5
{[%clk 00:57:04]} {[%emt 00:04:22]} 24. Qf3 {[%clk 01:06:22]} {[%emt 00:01:12]}
Be6 {[%clk 00:54:36]} {[%emt 00:03:01]} 25. Kh2 {[%clk 01:04:59]} {[%emt
00:01:15]} exd4 {[%clk 00:54:16]} {[%emt 00:01:28]} 26. e5 {[%clk 01:04:07]}
{[%emt 00:01:23]} Rc7 {[%clk 00:52:26]} {[%emt 00:02:15]} 27. Nf4 {[%clk
00:58:41]} {[%emt 00:06:00]} Rcd7 {[%clk 00:46:24]} {[%emt 00:06:27]} 28. h4
{[%clk 00:57:21]} {[%emt 00:01:56]} Bf5 {[%clk 00:44:13]} {[%emt 00:02:39]} 29.
Rae1 {[%clk 00:54:31]} {[%emt 00:03:20]} Be6 {[%clk 00:43:40]} {[%emt
00:01:02]} 30. Bh3 {[%clk 00:53:45]} {[%emt 00:01:18]} Nc7 {[%clk 00:41:50]}
{[%emt 00:02:19]} 31. Nxe6+ {[%clk 00:48:31]} {[%emt 00:05:45]} Nxe6 {[%clk
00:40:55]} {[%emt 00:01:24]} 32. Qf6+ {[%clk 00:47:31]} {[%emt 00:01:31]} Kg8
{[%clk 00:40:10]} {[%emt 00:01:15]} 33. Re2 {[%clk 00:47:00]} {[%emt 00:00:59]}
Re8 {[%clk 00:38:00]} {[%emt 00:02:40]} 34. h5 {[%clk 00:43:45]} {[%emt
00:03:47]} Qa5 {[%clk 00:36:40]} {[%emt 00:01:51]} 35. h6 {[%clk 00:43:28]}
{[%emt 00:00:47]} Qd8 {[%clk 00:34:50]} {[%emt 00:02:19]} 36. Bxe6 {[%clk
00:39:19]} {[%emt 00:04:40]} Qxf6 {[%clk 00:34:06]} {[%emt 00:01:12]} 37. Rxf6
{[%clk 00:38:57]} {[%emt 00:00:54]} Rxe6 {[%clk 00:33:39]} {[%emt 00:00:57]}
38. Kg3 {[%emt 00:00:46]} d3 {[%emt 00:00:33]} 39. cxd3 {[%clk 00:36:20]}
{[%emt 00:01:48]} Rxd3+ {[%clk 00:33:41]} {[%emt 00:00:26]} 40. Kg2 {[%clk
00:35:19]} {[%emt 00:01:33]} Rxf6 {[%clk 00:30:43]} {[%emt 00:03:29]} 41. exf6
{[%clk 00:35:16]} {[%emt 00:00:33]} Rd2 {[%clk 00:30:50]} {[%emt 00:00:21]} 42.
Kf2 {[%clk 00:35:25]} {[%emt 00:00:15]} Rxe2+ {[%clk 00:31:10]} {[%emt
00:00:17]} 43. Kxe2 {[%clk 00:35:50]} {[%emt 00:00:05]} Kf8 {[%clk 00:31:33]}
{[%emt 00:00:06]} 44. Kd3 {[%clk 00:36:15]} {[%emt 00:00:04]} Ke8 {[%clk
00:31:44]} {[%emt 00:00:21]} 45. a3 {[%clk 00:36:38]} {[%emt 00:00:07]} a5
{[%clk 00:30:33]} {[%emt 00:01:42]} 46. axb4 {[%clk 00:36:27]} {[%emt
00:00:41]} axb4 {[%clk 00:30:52]} {[%emt 00:00:10]} 47. Ke3 {[%clk 00:36:42]}
{[%emt 00:00:15]} Kd7 {[%clk 00:31:12]} {[%emt 00:00:09]} 48. Ke2 {[%emt
00:01:10]} Kd6 {[%emt 00:00:09]} 49. Ke3 {[%clk 00:35:40]} {[%emt 00:00:14]}
Ke5 {[%clk 00:31:35]} {[%emt 00:00:07]} 50. Kd3 {[%emt 00:00:14]} Kf5 {[%emt
00:00:06]} 51. Kc2 {[%clk 00:35:02]} {[%emt 00:00:11]} Kxg5 {[%clk 00:31:55]}
52. Kd3 Kxf6 {[%emt 00:00:29]} 53. Kc2 {[%clk 00:35:02]} {[%emt 00:00:08]} Kg5
{[%clk 00:31:55]} {[%emt 00:00:10]} 54. Kd3 {[%clk 00:35:27]} {[%emt 00:00:05]}
Kxh6 {[%clk 00:32:13]} {[%emt 00:00:11]} 55. Kc2 {[%clk 00:35:34]} {[%emt
00:00:18]} f5 {[%clk 00:32:42]} {[%emt 00:00:07]} 56. Kd3 {[%emt 00:00:11]} f4
{[%emt 00:00:11]} 57. Kc2 {[%clk 00:35:41]} f3 {[%clk 00:32:53]} {[%emt
00:00:20]} 58. Kc1 {[%clk 00:35:56]} {[%emt 00:00:16]} f2 {[%clk 00:33:15]}
{[%emt 00:00:08]} 59. Kc2 {[%clk 00:36:12]} {[%emt 00:00:13]} Kg5 {[%clk
00:33:14]} {[%emt 00:00:30]} 60. Kd3 {[%clk 00:36:36]} {[%emt 00:00:07]} f1=Q+
{[%clk 00:33:33]} {[%emt 00:00:11]} 61. Kc2 {[%clk 00:36:34]} Qe2+ {[%clk
00:33:29]} {[%emt 00:01:06]} 62. Kc1 {[%emt 00:00:09]} Qd2+ {[%emt 00:00:07]}
63. Kb1 {[%clk 00:36:43]} {[%emt 00:00:06]} Qb2# {[%emt 00:00:08]} 0-1

[Event "DEM U10 2021"]
[Site "Willingen GER"]
[Date "2021.08.23"]
[Round "2"]
[White "Rau, Eduard"]
[Black "Ley, Cornelius"]
[Result "1/2-1/2"]
[Termination "normal"]
[Board "11"]
[WhiteElo "1276"]
[BlackElo "1447"]
[WhiteClock "01:11:40"]
[BlackClock "00:51:47"]
[PlyCount "50"]
[WhiteFideId "16287231"]
[BlackFideId "34608907"]
[EventCountry "GER"]
[EventRounds "11"]
[EventType "swiss"]
[EventDate "2021.08.22"]

1. e4 {[%clk 01:15:59]} e5 {[%clk 01:15:50]} {[%emt 00:00:11]} 2. Nf3 {[%clk
01:16:24]} {[%emt 00:00:04]} Nc6 {[%clk 01:16:15]} {[%emt 00:00:05]} 3. Bb5
{[%clk 01:16:49]} {[%emt 00:00:05]} a6 {[%clk 01:16:39]} {[%emt 00:00:07]} 4.
Ba4 {[%clk 01:17:18]} Bc5 {[%clk 01:16:08]} {[%emt 00:01:00]} 5. O-O {[%clk
01:17:35]} {[%emt 00:00:13]} d6 {[%clk 01:16:16]} {[%emt 00:00:22]} 6. d4
{[%clk 01:17:45]} {[%emt 00:00:19]} exd4 {[%clk 01:14:42]} {[%emt 00:02:06]} 7.
Nxd4 {[%clk 01:18:06]} {[%emt 00:00:09]} Nge7 {[%clk 01:13:41]} {[%emt
00:01:30]} 8. Nxc6 {[%clk 01:17:37]} {[%emt 00:00:59]} Nxc6 {[%clk 01:13:56]}
{[%emt 00:00:15]} 9. Qd5 {[%clk 01:17:59]} {[%emt 00:00:08]} Bd7 {[%clk
01:13:42]} {[%emt 00:00:44]} 10. Bb3 {[%clk 01:17:21]} {[%emt 00:01:05]} Be6
{[%clk 01:12:53]} {[%emt 00:01:22]} 11. Qd3 {[%clk 01:17:27]} {[%emt 00:00:23]}
O-O {[%clk 01:12:35]} {[%emt 00:00:50]} 12. c4 {[%clk 01:17:23]} {[%emt
00:00:34]} Na5 {[%clk 01:11:39]} {[%emt 00:01:24]} 13. Nc3 {[%clk 01:17:19]}
{[%emt 00:00:34]} Nxb3 {[%clk 01:11:05]} {[%emt 00:01:05]} 14. axb3 {[%clk
01:17:44]} {[%emt 00:00:06]} Rb8 {[%clk 01:04:36]} {[%emt 00:06:58]} 15. Bf4
{[%clk 01:17:21]} {[%emt 00:00:52]} Qh4 {[%clk 00:59:38]} {[%emt 00:05:27]} 16.
Bg3 {[%emt 00:00:45]} Qg4 {[%clk 00:59:27]} {[%emt 00:00:38]} 17. Nd5 {[%clk
01:15:41]} {[%emt 00:02:00]} Bxd5 {[%clk 00:57:18]} {[%emt 00:02:39]} 18. Qxd5
{[%clk 01:14:59]} {[%emt 00:01:12]} Kh8 {[%clk 00:56:56]} {[%emt 00:00:52]} 19.
Kh1 {[%clk 01:15:00]} {[%emt 00:00:27]} f5 {[%clk 00:55:58]} {[%emt 00:01:31]}
20. h3 {[%clk 01:15:01]} {[%emt 00:00:28]} Qg6 {[%clk 00:55:27]} {[%emt
00:01:01]} 21. e5 {[%clk 01:14:19]} {[%emt 00:01:11]} f4 {[%clk 00:54:45]}
{[%emt 00:01:12]} 22. Bh2 {[%clk 01:13:11]} {[%emt 00:01:39]} c6 {[%clk
00:53:11]} {[%emt 00:02:04]} 23. Qd2 {[%clk 01:13:04]} {[%emt 00:00:34]} dxe5
{[%clk 00:52:37]} {[%emt 00:01:07]} 24. b4 {[%clk 01:13:19]} {[%emt 00:00:16]}
Rbd8 {[%clk 00:51:47]} {[%emt 00:01:18]} 25. Qe2 {[%clk 01:11:40]} {[%emt
00:02:07]} Bd4 {[%emt 00:03:29]} 1/2-1/2

[Event "DEM U10 2021"]
[Site "Willingen GER"]
[Date "2021.08.23"]
[Round "2"]
[White "Payyappat, Sayas"]
[Black "Peglau, Paul David"]
[Result "0-1"]
[Termination "normal"]
[Board "12"]
[WhiteElo "1233"]
[BlackElo "1365"]
[WhiteClock "00:51:04"]
[BlackClock "00:13:59"]
[PlyCount "110"]
[WhiteFideId "25659260"]
[BlackFideId "16290550"]
[EventCountry "GER"]
[EventRounds "11"]
[EventType "swiss"]
[EventDate "2021.08.22"]

1. b3 {[%clk 01:15:11]} {[%emt 00:00:48]} d5 {[%clk 01:15:16]} {[%emt
00:01:14]} 2. Bb2 {[%clk 01:00:28]} {[%emt 00:00:13]} Nf6 {[%clk 01:15:33]}
{[%emt 00:00:13]} 3. e3 {[%clk 01:00:10]} {[%emt 00:00:49]} Bf5 {[%clk
01:15:26]} {[%emt 00:00:36]} 4. Nf3 {[%clk 01:00:19]} {[%emt 00:00:18]} e6
{[%clk 01:14:30]} {[%emt 00:01:29]} 5. Bb5+ {[%clk 00:58:50]} {[%emt 00:01:59]}
c6 {[%clk 01:13:53]} {[%emt 00:01:07]} 6. Be2 {[%clk 00:59:01]} {[%emt
00:00:18]} Bd6 {[%clk 01:13:54]} {[%emt 00:00:30]} 7. d3 {[%clk 00:58:46]}
{[%emt 00:00:45]} O-O {[%clk 01:13:13]} {[%emt 00:01:11]} 8. O-O {[%clk
00:58:59]} {[%emt 00:00:18]} Nbd7 {[%clk 01:12:28]} {[%emt 00:01:15]} 9. Nbd2
{[%clk 00:57:35]} {[%emt 00:01:54]} Qc7 {[%clk 01:12:05]} {[%emt 00:00:52]} 10.
h3 {[%clk 00:57:39]} {[%emt 00:00:24]} Rac8 {[%clk 01:11:18]} {[%emt 00:01:18]}
11. Nh4 {[%clk 00:56:00]} {[%emt 00:02:07]} Bg6 {[%clk 01:09:34]} {[%emt
00:02:16]} 12. f4 {[%clk 00:52:59]} {[%emt 00:02:14]} Rfe8 {[%emt 00:09:17]}
13. Bf3 {[%clk 00:50:35]} {[%emt 00:00:12]} a6 {[%clk 01:03:01]} {[%emt
00:02:16]} 14. e4 {[%clk 00:49:36]} {[%emt 00:01:23]} Bxf4 {[%clk 01:01:38]}
{[%emt 00:01:59]} 15. Be2 {[%clk 00:47:43]} {[%emt 00:02:22]} dxe4 {[%clk
00:58:53]} {[%emt 00:03:16]} 16. Nxg6 {[%clk 00:46:59]} {[%emt 00:01:14]} hxg6
{[%clk 00:58:12]} {[%emt 00:01:11]} 17. Nxe4 {[%clk 00:47:00]} {[%emt
00:00:28]} Nd5 {[%clk 00:57:34]} {[%emt 00:01:09]} 18. Rf3 {[%clk 00:44:30]}
{[%emt 00:02:54]} Ne3 {[%clk 00:53:45]} {[%emt 00:04:25]} 19. Qb1 {[%clk
00:44:28]} {[%emt 00:00:29]} Nf5 {[%clk 00:51:16]} {[%emt 00:03:01]} 20. Qf1
{[%clk 00:43:51]} {[%emt 00:01:00]} Bh2+ {[%clk 00:47:15]} {[%emt 00:04:38]}
21. Kf2 {[%clk 00:43:12]} {[%emt 00:01:07]} Qb6+ {[%clk 00:42:45]} {[%emt
00:05:03]} 22. Ke1 {[%clk 00:42:28]} {[%emt 00:01:13]} Ne3 {[%clk 00:42:30]}
{[%emt 00:00:46]} 23. Qh1 {[%clk 00:41:55]} {[%emt 00:01:01]} Nxc2+ {[%clk
00:40:27]} {[%emt 00:02:34]} 24. Kd1 {[%clk 00:41:37]} {[%emt 00:00:48]} Nxa1
{[%clk 00:37:11]} {[%emt 00:03:47]} 25. Qxh2 {[%clk 00:41:49]} {[%emt
00:00:18]} Nxb3 {[%clk 00:36:47]} {[%emt 00:00:54]} 26. axb3 {[%clk 00:42:11]}
{[%emt 00:00:07]} Qxb3+ {[%clk 00:37:05]} {[%emt 00:00:13]} 27. Kc1 {[%clk
00:42:37]} {[%emt 00:00:04]} c5 {[%clk 00:32:03]} {[%emt 00:05:33]} 28. Nd6
{[%clk 00:41:45]} {[%emt 00:01:21]} Red8 {[%clk 00:27:47]} {[%emt 00:04:46]}
29. Rxf7 {[%clk 00:40:37]} {[%emt 00:01:38]} Nf6 {[%clk 00:25:17]} {[%emt
00:03:00]} 30. Rxb7 {[%clk 00:39:11]} {[%emt 00:01:56]} Qd5 {[%clk 00:21:35]}
{[%emt 00:04:11]} 31. Nxc8 {[%emt 00:01:43]} Qxb7 {[%clk 00:13:55]} {[%emt
00:07:51]} 32. Nd6 {[%clk 00:38:24]} {[%emt 00:00:23]} Qb4 {[%clk 00:12:27]}
{[%emt 00:01:58]} 33. Bd1 {[%clk 00:37:45]} {[%emt 00:01:09]} c4 {[%clk
00:09:34]} {[%emt 00:03:24]} 34. Nxc4 {[%clk 00:37:57]} {[%emt 00:00:17]} Rxd3
{[%clk 00:06:58]} {[%emt 00:03:06]} 35. Qf4 {[%clk 00:37:03]} {[%emt 00:01:24]}
Nd5 {[%clk 00:03:59]} {[%emt 00:03:29]} 36. Qe4 {[%clk 00:36:49]} {[%emt
00:00:41]} Re3 {[%emt 00:04:48]} 37. Qxg6 {[%emt 00:00:03]} Qxc4+ {[%emt
00:00:15]} 38. Kb1 {[%clk 00:34:51]} {[%emt 00:00:31]} Qe4+ {[%clk 00:03:13]}
{[%emt 00:02:11]} 39. Qxe4 {[%clk 00:35:37]} {[%emt 00:00:13]} Rxe4 {[%clk
00:03:42]} {[%emt 00:00:01]} 40. Bf3 {[%clk 00:35:36]} {[%emt 00:00:31]} Re3
{[%clk 00:03:15]} {[%emt 00:00:57]} 41. Bd4 {[%clk 00:35:37]} {[%emt 00:00:28]}
Rd3 {[%clk 00:03:04]} {[%emt 00:00:43]} 42. Be5 {[%clk 00:35:43]} {[%emt
00:00:23]} Re3 {[%clk 00:02:36]} {[%emt 00:00:58]} 43. Bh2 {[%clk 00:35:10]}
{[%emt 00:00:58]} Kf7 {[%clk 00:02:31]} {[%emt 00:00:39]} 44. Kc2 {[%clk
00:35:20]} {[%emt 00:00:19]} Kf6 {[%clk 00:02:03]} {[%emt 00:01:00]} 45. Kd2
{[%clk 00:35:37]} {[%emt 00:00:12]} Ra3 {[%clk 00:02:02]} {[%emt 00:00:32]} 46.
Bd6 {[%clk 00:35:38]} {[%emt 00:00:29]} Ra2+ {[%clk 00:02:02]} {[%emt
00:00:30]} 47. Kd3 {[%clk 00:35:49]} {[%emt 00:00:18]} a5 {[%clk 00:01:41]}
{[%emt 00:00:53]} 48. Kc4 {[%clk 00:36:08]} {[%emt 00:00:08]} Ne3+ {[%clk
00:01:39]} {[%emt 00:00:35]} 49. Kb3 {[%clk 00:36:20]} {[%emt 00:00:18]} Ra1
{[%clk 00:00:41]} {[%emt 00:01:27]} 50. Bc5 {[%clk 00:36:37]} {[%emt 00:00:13]}
Re1 {[%clk 00:15:30]} {[%emt 00:00:41]} 51. Ka4 {[%clk 00:51:41]} {[%emt
00:00:26]} Nc4 {[%clk 00:14:58]} {[%emt 00:01:02]} 52. Kb5 {[%clk 00:51:34]}
{[%emt 00:00:36]} Ne5 {[%clk 00:13:49]} {[%emt 00:01:40]} 53. Bd4 {[%clk
00:51:18]} {[%emt 00:00:46]} Kf5 {[%clk 00:13:18]} {[%emt 00:01:02]} 54. Bxe5
{[%clk 00:51:04]} {[%emt 00:00:43]} Rxe5+ {[%clk 00:13:45]} {[%emt 00:00:03]}
55. Ka4 {[%clk 00:51:04]} {[%emt 00:00:31]} Kf4 {[%clk 00:13:59]} {[%emt
00:00:15]} 0-1

[Event "DEM U10 2021"]
[Site "Willingen GER"]
[Date "2021.08.23"]
[Round "2"]
[White "Aweh, Mads"]
[Black "Sydykov, Bayastan"]
[Result "0-1"]
[Termination "normal"]
[Board "13"]
[WhiteElo "1452"]
[BlackElo "1209"]
[WhiteClock "01:04:14"]
[BlackClock "01:16:18"]
[PlyCount "46"]
[WhiteFideId "34604278"]
[BlackFideId "13829610"]
[EventCountry "GER"]
[EventRounds "11"]
[EventType "swiss"]
[EventDate "2021.08.22"]

1. d4 {[%clk 01:15:18]} {[%emt 00:00:41]} e6 {[%clk 01:15:51]} {[%emt
00:00:09]} 2. Nf3 {[%clk 01:14:58]} {[%emt 00:00:50]} d5 {[%clk 01:15:58]}
{[%emt 00:00:23]} 3. Bf4 {[%clk 01:15:05]} {[%emt 00:00:24]} Nf6 {[%clk
01:16:10]} {[%emt 00:00:17]} 4. e3 {[%clk 01:15:15]} {[%emt 00:00:21]} c5
{[%clk 01:16:21]} {[%emt 00:00:19]} 5. c3 {[%clk 01:14:44]} {[%emt 00:01:01]}
Bd6 {[%clk 01:16:32]} {[%emt 00:00:18]} 6. Bxd6 {[%clk 01:14:16]} {[%emt
00:00:59]} Qxd6 {[%clk 01:16:32]} {[%emt 00:00:30]} 7. Bd3 {[%clk 01:14:13]}
{[%emt 00:00:33]} Nc6 {[%clk 01:16:45]} {[%emt 00:00:17]} 8. Nbd2 {[%clk
01:12:48]} {[%emt 00:01:55]} O-O {[%clk 01:16:02]} {[%emt 00:01:13]} 9. O-O
{[%clk 01:12:31]} {[%emt 00:00:47]} Re8 {[%clk 01:15:57]} {[%emt 00:00:34]} 10.
Re1 {[%clk 01:10:42]} {[%emt 00:02:19]} e5 {[%clk 01:15:50]} {[%emt 00:00:37]}
11. Bb5 {[%clk 01:09:46]} {[%emt 00:01:27]} e4 {[%clk 01:15:40]} {[%emt
00:00:40]} 12. Bxc6 {[%clk 01:09:27]} {[%emt 00:00:49]} bxc6 {[%clk 01:15:48]}
{[%emt 00:00:21]} 13. Ne5 {[%clk 01:08:17]} {[%emt 00:01:40]} Nd7 {[%clk
01:16:00]} {[%emt 00:00:18]} 14. Nxd7 {[%clk 01:08:22]} {[%emt 00:00:25]} Bxd7
{[%clk 01:16:14]} {[%emt 00:00:15]} 15. Nb3 {[%clk 01:08:33]} {[%emt 00:00:19]}
cxd4 {[%clk 01:16:06]} {[%emt 00:00:37]} 16. exd4 {[%clk 01:08:54]} {[%emt
00:00:12]} Re6 {[%clk 01:16:21]} {[%emt 00:00:15]} 17. Nc5 {[%clk 01:08:37]}
{[%emt 00:00:47]} Rg6 {[%clk 01:16:34]} {[%emt 00:00:16]} 18. Re3 {[%clk
01:08:08]} {[%emt 00:00:59]} f5 {[%clk 01:15:55]} {[%emt 00:01:09]} 19. Rg3
{[%clk 01:07:36]} {[%emt 00:01:03]} f4 {[%clk 01:15:50]} {[%emt 00:02:14]} 20.
Rxg6 {[%clk 01:07:12]} {[%emt 00:00:31]} hxg6 {[%clk 01:15:58]} {[%emt
00:00:22]} 21. Qd2 {[%clk 01:05:27]} {[%emt 00:02:16]} Rf8 {[%clk 01:16:15]}
{[%emt 00:00:13]} 22. g3 {[%clk 01:04:42]} {[%emt 00:01:15]} e3 {[%clk
01:16:17]} {[%emt 00:00:27]} 23. gxf4 {[%clk 01:04:14]} {[%emt 00:01:00]} exd2
{[%clk 01:16:18]} {[%emt 00:00:30]} 0-1